The cell / (Record no. 148992)

MARC details
000 -LEADER
fixed length control field 00830pam a2200289 a 4500
008 - FIXED-LENGTH DATA ELEMENTS--GENERAL INFORMATION
fixed length control field
020 ## - INTERNATIONAL STANDARD BOOK NUMBER
International Standard Book Number 013121781X (pbk.)
049 ## - LOCAL HOLDINGS (OCLC)
Holding library MAIN
090 ## - LOCALLY ASSIGNED LC-TYPE CALL NUMBER (OCLC); LOCAL CALL NUMBER (RLIN)
Classification number (OCLC) (R) ; Classification number, CALL (RLIN) (NR) QH581.2
Local cutter number (OCLC) ; Book number/undivided call number, CALL (RLIN) SWA
003 - CONTROL NUMBER IDENTIFIER
control field
005 - DATE AND TIME OF LATEST TRANSACTION
control field 20230123133448.0
040 ## - CATALOGING SOURCE
Transcribing agency NUST
100 1# - MAIN ENTRY--PERSONAL NAME
Personal name Swanson, Carl P.
245 14 - TITLE STATEMENT
Title The cell /
Statement of responsibility, etc. Carl P. Swanson, Peter L. Webster.
250 ## - EDITION STATEMENT
Edition statement 5th ed.
260 ## - PUBLICATION, DISTRIBUTION, ETC.
Place of publication, distribution, etc. Englewood Cliffs, N.J. :
Name of publisher, distributor, etc. Prentice-Hall,
Date of publication, distribution, etc. c1985.
300 ## - PHYSICAL DESCRIPTION
Extent x, 374 p. :
Other physical details ill. ;
Dimensions 25 cm.
504 ## - BIBLIOGRAPHY, ETC. NOTE
Bibliography, etc. note Includdes bibliographical references.
500 ## - GENERAL NOTE
General note Includes index.
650 #0 - SUBJECT ADDED ENTRY--TOPICAL TERM
Topical term or geographic name entry element Cytology.
650 ## - SUBJECT ADDED ENTRY--TOPICAL TERM
Topical term or geographic name entry element Cells.
653 ## - INDEX TERM--UNCONTROLLED
Uncontrolled term Organisms
-- Cells.
650 ## - SUBJECT ADDED ENTRY--TOPICAL TERM
Topical term or geographic name entry element Citologia E Biologia Celular
Source of heading or term larpcal.
700 1# - ADDED ENTRY--PERSONAL NAME
Personal name Webster, Peter L.
907 ## - LOCAL DATA ELEMENT G, LDG (RLIN)
a .b10014524
b 09-10-12
c 17-04-03
942 ## - ADDED ENTRY ELEMENTS (KOHA)
Koha item type Ordinary Loan Books
Call number prefix QH581.2
Call number suffix SWA
Holdings
Date last seen Total Checkouts Full call number Barcode Cost, replacement price Price effective from Koha item type Lost status Source of classification or shelving scheme Damaged status Not for loan Collection Withdrawn status Home library Current library Shelving location Date acquired Cost, normal purchase price
01/23/2023 36 QH581.2 SWA 92003023240 80.00 01/23/2023 BOOKS   LCC     NFIC   MAIN MAIN GEN 01/23/2023 80.00